logo

Bir Sreshtho Munshi Abdur Rouf Library
Jhenaidah Cadet College

উনিশ শতকে বাঙালি মুসলমানের চিন্তা ও চেতনার ধারা / (Record no. 2401)

MARC details
000 -LEADER
fixed length control field 00837nam a2200241 a 4500
001 - CONTROL NUMBER
JCCL Control Number 2401
003 - CONTROL NUMBER IDENTIFIER
JCCL marc code BD-JhCC
005 - DATE AND TIME OF LATEST TRANSACTION
control field 20171101213321.0
008 - FIXED-LENGTH DATA ELEMENTS--GENERAL INFORMATION
fixed length control field 171101s1983 bg a|||| b||| 00| 0 mul d
020 ## - INTERNATIONAL STANDARD BOOK NUMBER
International Standard Book Number 9840735764
035 ## - SYSTEM CONTROL NUMBER
system control number (BD-JhCC)2401
040 ## - CATALOGING SOURCE
Original cataloging agency BD-JhCC
Modifying agency BD-JhCC
041 ## - LANGUAGE CODE
Language code of Book Bengali and English
082 ## - DEWEY DECIMAL CLASSIFICATION NUMBER
Classification number 891.4409
Author mark and Year AHA 1983
100 ## - MAIN ENTRY--PERSONAL NAME
Personal name আহমদ, ওয়াকিল
245 ## - TITLE STATEMENT
Title উনিশ শতকে বাঙালি মুসলমানের চিন্তা ও চেতনার ধারা /
Statement of responsibility, etc ওয়াকিল আহমদ,
260 ## - PUBLICATION, DISTRIBUTION, ETC. (IMPRINT)
Place of publication, distribution, etc ঢাকা :
Name of publisher, distributor, etc বাংলা একাডেমী,
Date of publication, distribution, etc 1983.
300 ## - PHYSICAL DESCRIPTION
Pagination 678 p. :
Other physical details illus. ,
Dimensions 22 cm.
504 ## - BIBLIOGRAPHY, ETC. NOTE
Bibliography, etc Includes Bibliographical Reference.
650 ## - SUBJECT ADDED ENTRY--TOPICAL TERM
Topical term or geographic name as entry element Bengali Literature
Chronological subdivision 19th Century
942 ## - ADDED ENTRY ELEMENTS (KOHA)
Source of classification or shelving scheme Dewey Decimal Classification
Koha item type Books
Holdings
Source of classification or shelving scheme Damaged status Not for loan Home library Current library Shelving location Date of accession Cost, normal purchase price Total Checkouts Full call number Barcode Date last seen Copy number Koha item type
Dewey Decimal Classification     JCC Rouf Library JCC Rouf Library General Stacks 11/01/2017 210.00   891.4409 AHA 1983 3316 11/01/2017 C-1 Books

JCC Library | Contacts | JCC Home

Last Update on 23 September 2017
Copyright @ 2017-2020 JCC Rouf Library
Rouf Library, Jhenidah Cadet College (JCC), Bangladesh